Visualizzazione normale
Vista MARC
- Orfebrería religiosa
di Topical Term
Records bibliografici associati: 1
001 - CONTROL NUMBER
- control field: 45453
003 - CONTROL NUMBER IDENTIFIER
- control field: IT-RoINE
005 - DATE AND TIME OF LATEST TRANSACTION
- control field: 20180301120626.0
008 - FIXED-LENGTH DATA ELEMENTS
- fixed length control field: 180301|| aca||aabn | a|a d
040 ## - CATALOGING SOURCE
- Original cataloging agency: IT-RoINE
- Transcribing agency: IT-RoINE
150 ## - HEADING--TOPICAL TERM
- Topical term or geographic name as entry element: Orfebrería religiosa
- Geographic subdivision: España
- Geographic subdivision: Segovia (Provincia)
- General subdivision: Historia
670 ## - SOURCE DATA FOUND
- Source citation: Work cat.: (IT-RoINE)0: Arnáez, Esmeralda 45452, Orfebrería religiosa en la provincia de Segovia hasta 1700 /, 1983.